Sobre silencios y omisiones: siendo lesbiana en América Latina /
Guardado en:
| Autor principal: | |
|---|---|
| Formato: | Texto |
| Materias: | |
| Etiquetas: |
Agregar Etiqueta
Sin Etiquetas, Sea el primero en etiquetar este registro!
|
MARC
| LEADER | 00000 a a2200000 04500 | ||
|---|---|---|---|
| 001 | 254 | ||
| 003 | |||
| 040 | |||
| 100 | |a Vila Núñez, Fefa | ||
| 245 | |a Sobre silencios y omisiones: |b siendo lesbiana en América Latina / |c Fefa Vila Núñez | ||
| 650 | |a LESBIANISMO | ||
| 650 | |a VIOLENCIA | ||
| 650 | |a CONFLICTOS SOCIALES | ||
| 650 | |a AMERICA LATINA | ||
| 773 | |g número 19; páginas 61-65 | ||
| 999 | |c 33624 |d 33624 | ||
| 773 | 0 | |0 41952 |9 3379 |d Madrid: Solidaridad para el desarrollo y la paz, SODEPAZ-SODEPAU; Asociación Andaluza por la solidaridad y la paz 1990- |o 02720 |t Africa América Latina: |x 11302569 | |
